From studies to streams managing evaluative systems
Salvato in:
| Autore principale: | |
|---|---|
| Altri autori: | |
| Natura: | Libro |
| Lingua: | inglese |
| Pubblicazione: |
New Brunswick
Transaction Publishers
2011
|
| Serie: | Comparative policy evaluation
Volume XII |
| Soggetti: | |
| Tags: |
Nessun Tag, puoi essere il primo ad aggiungerne!!
|
MARC
| LEADER | 00000nam a2200000 4500 | ||
|---|---|---|---|
| 001 | 0184627 | ||
| 005 | 20240315115315.9 | ||
| 020 | |a 978-1-4128-1837-7 | ||
| 020 | |a 978-4128-1837-7 | ||
| 041 | 0 | |a eng | |
| 044 | |a US | ||
| 245 | 1 | 0 | |a From studies to streams |b managing evaluative systems |c edited by: Ray C. Rist & Nicoletta Stame |
| 264 | 1 | |a New Brunswick |b Transaction Publishers |c 2011 | |
| 300 | |a 293 s. | ||
| 490 | 1 | |a Comparative policy evaluation |v Volume XII | |
| 830 | 0 | |a Comparative policy evaluation |v Volume XII | |
| 610 | 2 | 0 | |a politika |
| 610 | 2 | 0 | |a veda |
| 610 | 2 | 0 | |a systémy politické |
| 610 | 2 | 0 | |a správa verejná |
| 610 | 2 | 0 | |a technológie informačné |
| 610 | 2 | 0 | |a technológie komunikačné |
| 610 | 2 | 0 | |a informácie |
| 610 | 2 | 0 | |a spracovanie dát |
| 610 | 2 | 0 | |a vedomosti |
| 610 | 2 | 0 | |a riadenie |
| 610 | 2 | 0 | |a ohodnocovanie |
| 610 | 2 | 0 | |a organizácie |
| 100 | 1 | |a Rist, Ray C. | |
| 700 | 1 | |a Stame, Nicoletta | |